[Event "ODJM C 2018"]
[Site "Willingen GER"]
[Date "2018.05.20"]
[Round "2"]
[White "Kail, Oliver"]
[Black "Altgelt, Helene"]
[Result "0-1"]
[Termination "normal"]
[Board "1"]
[WhiteElo "1479"]
[BlackElo "1199"]
[WhiteClock "01:07:49"]
[BlackClock "00:06:34"]
[PlyCount "120"]
[WhiteFideId "16228820"]
[BlackFideId "16232020"]
[EventCountry "GER"]
[EventRounds "9"]
[EventType "swiss"]
[EventDate "2018.05.19"]

1. e4 {[%clk 1:30:58]} 1... c6 {[%clk 1:30:51]} 2. d4 {[%clk 1:31:21]} 2... d5
{[%clk 1:31:13]} 3. Nc3 {[%clk 1:31:48]} 3... dxe4 {[%clk 1:31:32]} 4. Nxe4 {
[%clk 1:32:16]} 4... Bf5 {[%clk 1:31:43]} 5. Nc3 {[%clk 1:31:23]} 5... e6 {
[%clk 1:31:38]} 6. Nf3 {[%clk 1:31:46]} 6... Nf6 {[%clk 1:31:52]} 7. Bg5 {
[%clk 1:32:08]} 7... Bd6 {[%clk 1:30:28]} 8. Bd3 {[%clk 1:32:25]} 8... Bg6 {
[%clk 1:29:54]} 9. O-O {[%clk 1:31:26]} 9... Nbd7 {[%clk 1:29:25]} 10. Re1 {
[%clk 1:31:34]} 10... Qb6 {[%clk 1:28:30]} 11. b3 {[%clk 1:30:27]} 11... Bxd3 {
[%clk 1:24:27]} 12. Qxd3 {[%clk 1:30:17]} 12... O-O {[%clk 1:24:23]} 13. a3 {
[%clk 1:29:51]} 13... Rfe8 {[%clk 1:20:41]} 14. Ne4 {[%clk 1:27:45]} 14... Nxe4
{[%clk 1:16:36]} 15. Qxe4 {[%clk 1:27:55]} 15... h6 {[%clk 1:15:08]} 16. Bf4 {
[%clk 1:27:53]} 16... Nf6 {[%clk 1:14:25]} 17. Qe3 {[%clk 1:27:49]} 17... Nd5 {
[%clk 1:12:40]} 18. Qe4 {[%clk 1:27:30]} 18... Nxf4 {[%clk 1:11:36]} 19. c4 {
[%clk 1:27:35]} 19... Qxb3 {[%clk 1:04:59]} 20. c5 {[%clk 1:27:46]} 20... Bc7 {
[%clk 1:04:32]} 21. Ne5 {[%clk 1:26:34]} 21... Bxe5 {[%clk 1:01:37]} 22. Qxe5 {
[%clk 1:26:51]} 22... Ng6 {[%clk 1:01:29]} 23. Qc7 {[%clk 1:23:05]} 23... Re7 {
[%clk 0:58:14]} 24. Qd6 {[%clk 1:23:03]} 24... Qd5 {[%clk 0:56:39]} 25. Qxd5 {
[%clk 1:22:45]} 25... exd5 {[%clk 0:52:27]} 26. Reb1 {[%clk 1:22:43]} 26...
Rae8 {[%clk 0:51:16]} 27. g3 {[%clk 1:22:05]} 27... Re4 {[%clk 0:48:03]} 28.
Rb4 {[%clk 1:22:25]} 28... Re1+ {[%clk 0:47:58]} 29. Rxe1 {[%clk 1:22:47]}
29... Rxe1+ {[%clk 0:48:22]} 30. Kg2 {[%clk 1:23:16]} 30... Rd1 {[%clk 0:45:29]
} 31. Rxb7 {[%clk 1:23:35]} 31... Rxd4 {[%clk 0:45:35]} 32. Rxa7 { [%clk
1:23:59]} 32... Rc4 {[%clk 0:44:49]} 33. a4 {[%clk 1:24:07]} 33... Ne5 { [%clk
0:43:42]} 34. a5 {[%clk 1:22:28]} 34... Ra4 {[%clk 0:43:17]} 35. f4 { [%clk
1:19:38]} 35... Nd3 {[%clk 0:42:18]} 36. Kf3 {[%clk 1:18:17]} 36... Nxc5 {[%clk
0:41:45]} 37. Ke3 {[%clk 1:18:27]} 37... Kh7 {[%clk 0:40:07]} 38. Rc7 { [%clk
1:17:24]} 38... Rxa5 {[%clk 0:40:01]} 39. Rxc6 {[%clk 1:17:49]} 39... g5 {[%clk
0:36:33]} 40. Kd4 {[%clk 1:17:33]} 40... Ne6+ {[%clk 0:35:58]} 41. Ke5 { [%clk
1:17:46]} 41... d4+ {[%clk 0:35:28]} 42. Kf6 {[%clk 1:17:52]} 42... Rd5 { [%clk
0:34:34]} 43. fxg5 {[%clk 1:17:33]} 43... hxg5 {[%clk 0:34:32]} 44. Rc1 { [%clk
1:12:21]} 44... g4 {[%clk 0:29:36]} 45. Kxf7 {[%clk 1:12:13]} 45... Ng5+ {[%clk
0:29:34]} 46. Kf6 {[%clk 1:12:20]} 46... Kh6 {[%clk 0:27:42]} 47. h4 { [%clk
1:09:19]} 47... gxh3 {[%clk 0:27:44]} 48. Rd1 {[%clk 1:09:19]} 48... d3 { [%clk
0:27:39]} 49. Rf1 {[%clk 1:07:21]} 49... h2 {[%clk 0:26:00]} 50. Rh1 { [%clk
1:07:08]} 50... Ne4+ {[%clk 0:08:27]} 51. Ke6 {[%clk 1:07:21]} 51... Nxg3
{[%clk 0:07:51]} 52. Rxh2+ {[%clk 1:07:42]} 52... Rh5 {[%clk 0:07:50]} 53. Rd2
{[%clk 1:07:58]} 53... Ne4 {[%clk 0:07:01]} 54. Rd1 {[%clk 1:07:28]} 54... d2 {
[%clk 0:06:51]} 55. Kf7 {[%clk 1:07:22]} 55... Rh2 {[%clk 0:06:43]} 56. Ke6 {
[%clk 1:06:22]} 56... Nc3 {[%clk 0:06:52]} 57. Rxd2 {[%clk 1:06:42]} 57... Rxd2
{[%clk 0:07:10]} 58. Ke5 {[%clk 1:07:06]} 58... Kg6 {[%clk 0:06:35]} 59. Ke6 {
[%clk 1:07:24]} 59... Re2+ {[%clk 0:06:28]} 60. Kd6 {[%clk 1:07:49]} 60... Kf7
{[%clk 0:06:34]} 0-1

[Event "ODJM C 2018"]
[Site "Willingen GER"]
[Date "2018.05.20"]
[Round "2"]
[White "Glöckl, Simon"]
[Black "Feil, Alexander"]
[Result "0-1"]
[Termination "normal"]
[Board "2"]
[WhiteElo "1321"]
[BlackElo "1361"]
[WhiteClock "00:35:01"]
[BlackClock "00:03:50"]
[PlyCount "102"]
[WhiteFideId "16266072"]
[BlackFideId "4002954"]
[EventCountry "GER"]
[EventRounds "9"]
[EventType "swiss"]
[EventDate "2018.05.19"]

1. d4 {[%clk 1:30:56]} 1... d5 {[%clk 1:30:51]} 2. Nf3 {[%clk 1:31:21]} 2...
Bf5 {[%clk 1:31:06]} 3. e3 {[%clk 1:31:36]} 3... e6 {[%clk 1:31:17]} 4. Bd3 {
[%clk 1:31:58]} 4... Nf6 {[%clk 1:30:47]} 5. O-O {[%clk 1:31:37]} 5... Bd6 {
[%clk 1:28:27]} 6. Qe2 {[%clk 1:26:38]} 6... O-O {[%clk 1:22:49]} 7. Nbd2 {
[%clk 1:26:25]} 7... Ne4 {[%clk 1:18:16]} 8. c4 {[%clk 1:22:00]} 8... c6 {
[%clk 1:13:26]} 9. a3 {[%clk 1:19:13]} 9... Nd7 {[%clk 1:08:27]} 10. Rb1 {
[%clk 1:17:44]} 10... Ndf6 {[%clk 1:03:22]} 11. Nh4 {[%clk 1:15:58]} 11...
Bxh2+ {[%clk 1:00:58]} 12. Kh1 {[%clk 1:11:15]} 12... Bc7 {[%clk 0:58:39]} 13.
Nxf5 {[%clk 1:06:27]} 13... exf5 {[%clk 0:56:31]} 14. Nxe4 {[%clk 1:02:41]}
14... fxe4 {[%clk 0:54:20]} 15. Bc2 {[%clk 1:02:14]} 15... Qd6 {[%clk 0:54:14]}
16. g3 {[%clk 1:01:03]} 16... Qe6 {[%clk 0:52:36]} 17. Kg2 {[%clk 0:59:50]}
17... dxc4 {[%clk 0:48:20]} 18. Rh1 {[%clk 0:58:42]} 18... Rfe8 {[%clk 0:45:38]
} 19. Rh4 {[%clk 0:56:26]} 19... Qd5 {[%clk 0:37:28]} 20. Bd2 {[%clk 0:55:04]}
20... b5 {[%clk 0:33:32]} 21. Bb4 {[%clk 0:53:34]} 21... a5 {[%clk 0:31:45]}
22. Bc5 {[%clk 0:53:29]} 22... Bd6 {[%clk 0:29:12]} 23. Bxd6 {[%clk 0:52:55]}
23... Qxd6 {[%clk 0:29:24]} 24. Rbh1 {[%clk 0:52:54]} 24... Qd5 {[%clk 0:21:07]
} 25. Kf1 {[%clk 0:48:11]} 25... Qg5 {[%clk 0:16:16]} 26. Rf4 {[%clk 0:46:55]}
26... Rad8 {[%clk 0:14:42]} 27. Rhh4 {[%clk 0:45:42]} 27... Qd5 {[%clk 0:14:19]
} 28. Kg2 {[%clk 0:42:05]} 28... Re6 {[%clk 0:09:58]} 29. Rh2 {[%clk 0:39:15]}
29... g5 {[%clk 0:09:26]} 30. Rxf6 {[%clk 0:38:57]} 30... Rxf6 {[%clk 0:09:46]}
31. Qg4 {[%clk 0:38:05]} 31... Qf5 {[%clk 0:08:12]} 32. Qxf5 {[%clk 0:37:47]}
32... Rxf5 {[%clk 0:08:38]} 33. Bxe4 {[%clk 0:38:05]} 33... Rf6 {[%clk 0:08:51]
} 34. Bxh7+ {[%clk 0:37:57]} 34... Kf8 {[%clk 0:09:02]} 35. Be4 {[%clk 0:38:06]
} 35... Ke7 {[%clk 0:06:32]} 36. Rh5 {[%clk 0:38:15]} 36... Rg8 {[%clk 0:06:26]
} 37. Kf1 {[%clk 0:37:28]} 37... b4 {[%clk 0:05:42]} 38. axb4 {[%clk 0:36:43]}
38... axb4 {[%clk 0:06:06]} 39. Ke2 {[%clk 0:36:53]} 39... Kd6 {[%clk 0:04:56]}
40. f3 {[%clk 0:36:11]} 40... g4 {[%clk 0:04:10]} 41. f4 {[%clk 0:35:55]} 41...
Re8 {[%clk 0:04:18]} 42. Bg2 {[%clk 0:35:42]} 42... Rfe6 {[%clk 0:04:21]} 43.
e4 {[%clk 0:35:34]} 43... Rxe4+ {[%clk 0:04:13]} 44. Bxe4 {[%clk 0:35:40]}
44... Rxe4+ {[%clk 0:04:42]} 45. Kd2 {[%clk 0:35:06]} 45... Rxd4+ { [%clk
0:05:06]} 46. Kc2 {[%clk 0:35:09]} 46... Rd3 {[%clk 0:04:09]} 47. Rf5 { [%clk
0:35:11]} 47... Rxg3 {[%clk 0:03:34]} 48. Rxf7 {[%clk 0:35:12]} 48... b3+
{[%clk 0:03:55]} 49. Kc1 {[%clk 0:35:03]} 49... Rg1+ {[%clk 0:04:19]} 50. Kd2 {
[%clk 0:35:12]} 50... g3 {[%clk 0:04:31]} 51. Rg7 {[%clk 0:35:01]} 51... g2 {
[%clk 0:03:50]} 0-1

[Event "ODJM C 2018"]
[Site "Willingen GER"]
[Date "2018.05.20"]
[Round "2"]
[White "Pham, Anh Tuan"]
[Black "Grimm, Nicola Marie"]
[Result "0-1"]
[Termination "normal"]
[Board "3"]
[WhiteElo "1149"]
[BlackElo "1439"]
[WhiteClock "00:44:37"]
[BlackClock "00:47:07"]
[PlyCount "78"]
[WhiteFideId "16245229"]
[BlackFideId "12988987"]
[EventCountry "GER"]
[EventRounds "9"]
[EventType "swiss"]
[EventDate "2018.05.19"]

1. e4 {[%clk 1:30:58]} 1... d5 {[%clk 1:30:54]} 2. exd5 {[%clk 1:29:11]} 2...
Qxd5 {[%clk 1:31:14]} 3. Nc3 {[%clk 1:29:19]} 3... Qa5 {[%clk 1:31:10]} 4. Nf3
{[%clk 1:28:21]} 4... c6 {[%clk 1:31:24]} 5. d3 {[%clk 1:26:18]} 5... Bf5 {
[%clk 1:29:27]} 6. Bf4 {[%clk 1:23:49]} 6... e6 {[%clk 1:29:40]} 7. a3 { [%clk
1:23:19]} 7... Nf6 {[%clk 1:28:33]} 8. h3 {[%clk 1:21:26]} 8... Qd8 { [%clk
1:28:03]} 9. Be2 {[%clk 1:19:12]} 9... Bd6 {[%clk 1:27:07]} 10. Bg5 { [%clk
1:18:35]} 10... Nbd7 {[%clk 1:26:29]} 11. Ne4 {[%clk 1:16:59]} 11... Bxe4
{[%clk 1:25:51]} 12. dxe4 {[%clk 1:17:18]} 12... Qc7 {[%clk 1:26:09]} 13. e5 {
[%clk 1:17:25]} 13... Bxe5 {[%clk 1:26:19]} 14. Nxe5 {[%clk 1:16:34]} 14...
Qxe5 {[%clk 1:26:30]} 15. Qd2 {[%clk 1:16:21]} 15... Ne4 {[%clk 1:24:36]} 16.
Qe3 {[%clk 1:14:14]} 16... Nxg5 {[%clk 1:23:56]} 17. Qxe5 {[%clk 1:14:31]}
17... Nxe5 {[%clk 1:23:46]} 18. f4 {[%clk 1:14:47]} 18... Nxh3 {[%clk 1:20:13]}
19. Rxh3 {[%clk 1:14:23]} 19... Ng6 {[%clk 1:19:29]} 20. Rf3 {[%clk 1:13:23]}
20... O-O-O {[%clk 1:15:58]} 21. Bd3 {[%clk 1:10:52]} 21... Rhe8 { [%clk
1:14:19]} 22. O-O-O {[%clk 1:10:33]} 22... Kc7 {[%clk 1:10:44]} 23. Re1 { [%clk
1:07:02]} 23... h6 {[%clk 1:06:08]} 24. g3 {[%clk 1:06:34]} 24... Ne7 { [%clk
1:04:00]} 25. Rfe3 {[%clk 1:06:35]} 25... Nd5 {[%clk 1:03:42]} 26. Re5 { [%clk
1:06:03]} 26... Nf6 {[%clk 1:03:15]} 27. f5 {[%clk 1:02:57]} 27... exf5 { [%clk
1:02:17]} 28. Bxf5 {[%clk 1:02:01]} 28... Rxe5 {[%clk 1:02:10]} 29. Rxe5 {[%clk
1:02:18]} 29... Re8 {[%clk 1:02:08]} 30. Ra5 {[%clk 1:00:48]} 30... a6 { [%clk
1:01:45]} 31. Ra4 {[%clk 0:59:37]} 31... Re5 {[%clk 1:00:39]} 32. g4 { [%clk
0:58:26]} 32... g6 {[%clk 1:00:33]} 33. Bd3 {[%clk 0:58:27]} 33... Nd5 { [%clk
1:00:08]} 34. Kd2 {[%clk 0:55:52]} 34... Kd6 35. Be2 g5 36. c4 { [%clk
0:50:01]} 36... Nf4 {[%clk 0:55:27]} 37. Bf3 {[%clk 0:49:53]} 37... f5 { [%clk
0:50:24]} 38. Kc3 {[%clk 0:45:18]} 38... Re3+ {[%clk 0:47:25]} 39. Kd4 { [%clk
0:44:37]} 39... Rd3# {[%clk 0:47:07]} 0-1

[Event "ODJM C 2018"]
[Site "Willingen GER"]
[Date "2018.05.20"]
[Round "2"]
[White "Keck, Johannes"]
[Black "Borriss, Benjamin"]
[Result "1-0"]
[Termination "normal"]
[Board "4"]
[WhiteElo "1147"]
[BlackElo "1272"]
[WhiteClock "00:28:36"]
[BlackClock "00:26:41"]
[PlyCount "150"]
[WhiteFideId "16258746"]
[BlackFideId "16266099"]
[EventCountry "GER"]
[EventRounds "9"]
[EventType "swiss"]
[EventDate "2018.05.19"]

1. e4 {[%clk 1:30:58]} 1... e5 {[%clk 1:30:52]} 2. Nf3 {[%clk 1:31:23]} 2...
Nc6 {[%clk 1:31:10]} 3. Bc4 {[%clk 1:31:46]} 3... Nf6 {[%clk 1:31:34]} 4. d3 {
[%clk 1:32:06]} 4... d6 {[%clk 1:31:16]} 5. c3 {[%clk 1:32:29]} 5... Be6 {
[%clk 1:30:47]} 6. Bb3 {[%clk 1:32:34]} 6... Be7 {[%clk 1:29:34]} 7. Bc2 {
[%clk 1:32:24]} 7... O-O {[%clk 1:29:25]} 8. O-O {[%clk 1:31:56]} 8... Re8 {
[%clk 1:26:43]} 9. Nbd2 {[%clk 1:31:27]} 9... d5 {[%clk 1:25:28]} 10. Re1 {
[%clk 1:30:30]} 10... dxe4 {[%clk 1:23:05]} 11. Nxe4 {[%clk 1:30:43]} 11...
Nxe4 {[%clk 1:23:22]} 12. Rxe4 {[%clk 1:31:01]} 12... f5 {[%clk 1:23:31]} 13.
Re1 {[%clk 1:31:19]} 13... Bf6 {[%clk 1:23:29]} 14. Be3 {[%clk 1:29:18]} 14...
Qe7 {[%clk 1:18:09]} 15. d4 {[%clk 1:27:57]} 15... e4 {[%clk 1:13:03]} 16. Nd2
{[%clk 1:27:55]} 16... g5 {[%clk 1:10:55]} 17. g3 {[%clk 1:24:03]} 17... Qd6 {
[%clk 1:03:38]} 18. f3 {[%clk 1:21:13]} 18... exf3 {[%clk 1:00:45]} 19. Qxf3 {
[%clk 1:20:31]} 19... Qd7 {[%clk 0:58:19]} 20. Nb3 {[%clk 1:17:20]} 20... b6 {
[%clk 0:57:50]} 21. Rf1 {[%clk 1:11:59]} 21... f4 {[%clk 0:52:13]} 22. gxf4 {
[%clk 1:11:59]} 22... Bg4 {[%clk 0:52:19]} 23. Qg3 {[%clk 1:11:09]} 23... Bh3 {
[%clk 0:50:34]} 24. fxg5 {[%clk 1:10:23]} 24... Rxe3 {[%clk 0:49:54]} 25. Qxe3
{[%clk 1:10:27]} 25... Qg4+ {[%clk 0:50:12]} 26. Qg3 {[%clk 1:10:36]} 26...
Qxg3+ 27. hxg3 {[%clk 1:10:51]} 27... Bxg5 {[%clk 0:48:59]} 28. Be4 { [%clk
1:07:22]} 28... Bd7 {[%clk 0:49:14]} 29. Bd5+ {[%clk 1:05:27]} 29... Kh8 {[%clk
0:49:07]} 30. Rf7 {[%clk 1:04:33]} 30... Rd8 {[%clk 0:47:02]} 31. Bxc6 { [%clk
1:02:44]} 31... Bxc6 {[%clk 0:47:31]} 32. Rxc7 {[%clk 1:03:02]} 32... Bf3
{[%clk 0:47:31]} 33. Re1 {[%clk 1:00:02]} 33... Rg8 {[%clk 0:43:44]} 34. Kf2 {
[%clk 0:59:17]} 34... Rf8 {[%clk 0:43:56]} 35. Kg1 {[%clk 0:58:44]} 35... h5 {
[%clk 0:43:27]} 36. Re5 {[%clk 0:56:30]} 36... Rg8 {[%clk 0:43:09]} 37. Rxa7 {
[%clk 0:55:18]} 37... h4 {[%clk 0:41:35]} 38. Rf7 {[%clk 0:52:15]} 38... Bg4 {
[%clk 0:38:38]} 39. gxh4 {[%clk 0:51:00]} 39... Bxh4 {[%clk 0:38:53]} 40. Kh2 {
[%clk 0:49:37]} 40... Bd1 {[%clk 0:34:48]} 41. Re6 {[%clk 0:49:11]} 41... Bg3+
{[%clk 0:34:30]} 42. Kg2 {[%clk 0:45:10]} 42... Be5+ {[%clk 0:34:38]} 43. Kf1 {
[%clk 0:44:42]} 43... Bg7 {[%clk 0:33:05]} 44. Ke1 {[%clk 0:42:38]} 44... Bh5 {
[%clk 0:33:01]} 45. Rb7 {[%clk 0:40:07]} 45... Bg4 {[%clk 0:32:49]} 46. Re4 {
[%clk 0:37:15]} 46... Bf6 {[%clk 0:32:15]} 47. Rxb6 {[%clk 0:36:32]} 47... Bh4+
{[%clk 0:32:33]} 48. Kf1 {[%clk 0:33:15]} 48... Rf8+ {[%clk 0:32:13]} 49. Kg1 {
[%clk 0:33:21]} 49... Bf2+ {[%clk 0:30:17]} 50. Kh2 {[%clk 0:33:16]} 50... Bf3
{[%clk 0:27:03]} 51. Rh4+ {[%clk 0:32:15]} 51... Bxh4 {[%clk 0:26:40]} 52. Rh6+
{[%clk 0:31:48]} 52... Kg7 {[%clk 0:26:34]} 53. Rxh4 {[%clk 0:32:04]} 53... Kg6
{[%clk 0:26:18]} 54. Kg3 {[%clk 0:31:40]} 54... Bd5 {[%clk 0:25:59]} 55. Rg4+ {
[%clk 0:31:15]} 55... Kh6 {[%clk 0:25:37]} 56. Rf4 {[%clk 0:30:18]} 56... Rg8+
{[%clk 0:25:33]} 57. Kh4 {[%clk 0:29:41]} 57... Rg2 {[%clk 0:24:59]} 58. Rf6+ {
[%clk 0:29:34]} 58... Kg7 {[%clk 0:25:03]} 59. Rd6 {[%clk 0:29:46]} 59... Bc4 {
[%clk 0:24:59]} 60. Rc6 {[%clk 0:28:37]} 60... Bd5 {[%clk 0:24:54]} 61. Rc5 {
[%clk 0:29:00]} 61... Rh2+ {[%clk 0:24:37]} 62. Kg3 {[%clk 0:28:54]} 62... Rg2+
{[%clk 0:24:54]} 63. Kf4 {[%clk 0:28:27]} 63... Bxb3 {[%clk 0:24:31]} 64. axb3
{[%clk 0:28:40]} 64... Rxb2 {[%clk 0:24:50]} 65. b4 {[%clk 0:28:42]} 65... Kf6
{[%clk 0:24:48]} 66. Ke4 {[%clk 0:28:35]} 66... Re2+ {[%clk 0:25:00]} 67. Kd3 {
[%clk 0:28:50]} 67... Re6 {[%clk 0:25:12]} 68. Kc4 {[%clk 0:27:21]} 68... Re3 {
[%clk 0:25:32]} 69. b5 {[%clk 0:27:01]} 69... Re6 {[%clk 0:24:39]} 70. Rc6 {
[%clk 0:27:16]} 70... Rxc6+ {[%clk 0:25:01]} 71. bxc6 {[%clk 0:27:39]} 71...
Ke6 {[%clk 0:25:22]} 72. Kb5 {[%clk 0:28:00]} 72... Kd6 {[%clk 0:25:49]} 73.
Kb6 {[%clk 0:28:13]} 73... Kd5 {[%clk 0:26:11]} 74. c7 {[%clk 0:28:28]} 74...
Kc4 {[%clk 0:26:26]} 75. c8=Q+ {[%clk 0:28:36]} 75... Kd3 {[%clk 0:26:41]} 1-0

[Event "ODJM C 2018"]
[Site "Willingen GER"]
[Date "2018.05.20"]
[Round "2"]
[White "Senechal, Niklas Bennett"]
[Black "Lohrmann, Linus"]
[Result "0-1"]
[Termination "normal"]
[Board "5"]
[WhiteElo "1395"]
[BlackElo "1369"]
[WhiteClock "00:58:52"]
[BlackClock "00:56:43"]
[PlyCount "72"]
[WhiteFideId "16231180"]
[BlackFideId "12982857"]
[EventCountry "GER"]
[EventRounds "9"]
[EventType "swiss"]
[EventDate "2018.05.19"]

1. e4 {[%clk 1:30:57]} 1... e5 {[%clk 1:30:57]} 2. Nf3 {[%clk 1:31:21]} 2...
Nc6 {[%clk 1:31:12]} 3. Bb5 {[%clk 1:31:45]} 3... a6 {[%clk 1:31:25]} 4. Ba4 {
[%clk 1:31:27]} 4... Nf6 {[%clk 1:31:13]} 5. O-O {[%clk 1:31:48]} 5... Be7 {
[%clk 1:31:11]} 6. Nc3 {[%clk 1:31:21]} 6... b5 {[%clk 1:31:29]} 7. Bb3 { [%clk
1:31:45]} 7... d6 {[%clk 1:31:34]} 8. d3 {[%clk 1:31:43]} 8... Bb7 { [%clk
1:30:39]} 9. Nd5 {[%clk 1:31:42]} 9... Na5 {[%clk 1:30:01]} 10. Nxf6+ { [%clk
1:31:04]} 10... Bxf6 11. Bd5 11... c6 {[%clk 1:28:49]} 12. Bb3 { [%clk
1:28:22]} 12... Nxb3 {[%clk 1:28:53]} 13. cxb3 {[%clk 1:28:22]} 13... d5 {[%clk
1:28:53]} 14. exd5 {[%clk 1:28:05]} 14... cxd5 {[%clk 1:27:56]} 15. Re1 15...
e4 {[%clk 1:25:28]} 16. dxe4 {[%clk 1:18:26]} 16... dxe4 {[%clk 1:25:37]} 17.
Nd2 {[%clk 1:18:15]} 17... O-O {[%clk 1:25:45]} 18. Nxe4 {[%clk 1:18:41]} 18...
Bxe4 {[%clk 1:25:26]} 19. Qg4 {[%clk 1:15:15]} 19... Re8 {[%clk 1:22:48]} 20.
Bf4 {[%clk 1:13:26]} 20... Bc2 {[%clk 1:19:31]} 21. h4 {[%clk 1:10:30]} 21...
Bxb2 {[%clk 1:18:36]} 22. h5 {[%clk 1:08:22]} 22... Bxa1 {[%clk 1:17:14]} 23.
Rxa1 {[%clk 1:08:42]} 23... Qd4 {[%clk 1:16:44]} 24. Rc1 {[%clk 1:08:34]} 24...
Be4 {[%clk 1:10:23]} 25. a4 {[%clk 1:08:42]} 25... bxa4 {[%clk 1:07:19]} 26.
Rc4 {[%clk 1:08:59]} 26... Qa1+ {[%clk 1:07:01]} 27. Kh2 {[%clk 1:09:18]} 27...
axb3 {[%clk 1:06:36]} 28. Bh6 {[%clk 1:09:20]} 28... Bd5 {[%clk 1:02:45]} 29.
Rd4 {[%clk 1:09:25]} 29... g6 {[%clk 1:00:22]} 30. Qf4 {[%clk 1:01:56]} 30...
Re4 {[%clk 0:57:28]} 31. Rxe4 {[%clk 1:01:28]} 31... Bxe4 {[%clk 0:57:49] } 32.
Qxe4 {[%clk 1:01:55]} 32... Rb8 {[%clk 0:57:56]} 33. Qf4 {[%clk 1:01:01]} 33...
Re8 {[%clk 0:57:18]} 34. hxg6 {[%clk 0:59:53]} 34... hxg6 {[%clk 0:56:47] } 35.
Bg5 {[%clk 0:59:03]} 35... Qe5 {[%clk 0:56:43]} 36. Qxe5 {[%clk 0:58:52]} 36...
Rxe5 0-1

[Event "ODJM C 2018"]
[Site "Willingen GER"]
[Date "2018.05.20"]
[Round "2"]
[White "Scharf, Christian"]
[Black "Hernando, Leonard"]
[Result "1-0"]
[Termination "normal"]
[Board "6"]
[WhiteElo "1246"]
[BlackElo "1107"]
[WhiteClock "00:31:45"]
[BlackClock "00:52:21"]
[PlyCount "133"]
[WhiteFideId "16266110"]
[BlackFideId "16266170"]
[EventCountry "GER"]
[EventRounds "9"]
[EventType "swiss"]
[EventDate "2018.05.19"]

1. e4 {[%clk 1:30:55]} 1... e5 {[%clk 1:30:48]} 2. Nf3 {[%clk 1:31:17]} 2...
Nc6 {[%clk 1:31:09]} 3. Bc4 {[%clk 1:31:42]} 3... Nf6 {[%clk 1:31:27]} 4. Ng5 {
[%clk 1:31:22]} 4... d5 {[%clk 1:31:37]} 5. exd5 {[%clk 1:31:44]} 5... Na5 {
[%clk 1:31:57]} 6. Bb5+ {[%clk 1:31:57]} 6... c6 {[%clk 1:32:07]} 7. dxc6 {
[%clk 1:32:14]} 7... bxc6 {[%clk 1:32:27]} 8. Be2 {[%clk 1:32:20]} 8... h6 {
[%clk 1:32:34]} 9. Nf3 {[%clk 1:32:26]} 9... e4 {[%clk 1:32:45]} 10. Ne5 {
[%clk 1:32:14]} 10... Bd6 {[%clk 1:32:57]} 11. d4 {[%clk 1:31:57]} 11... O-O {
[%clk 1:31:43]} 12. O-O {[%clk 1:27:36]} 12... Be6 {[%clk 1:31:26]} 13. Nc3 {
[%clk 1:25:13]} 13... Qc7 {[%clk 1:31:22]} 14. Bf4 {[%clk 1:17:19]} 14... Nc4 {
[%clk 1:26:44]} 15. Bxc4 {[%clk 1:13:31]} 15... Bxc4 {[%clk 1:26:33]} 16. Nxc4
{[%clk 1:12:44]} 16... Bxf4 {[%clk 1:26:46]} 17. g3 {[%clk 1:11:25]} 17... Bg5
{[%clk 1:25:59]} 18. h4 {[%clk 1:07:48]} 18... e3 {[%clk 1:18:31]} 19. hxg5 {
[%clk 1:01:45]} 19... exf2+ {[%clk 1:18:07]} 20. Rxf2 {[%clk 0:59:43]} 20...
Qxg3+ {[%clk 1:18:22]} 21. Rg2 {[%clk 0:59:25]} 21... Qh4 {[%clk 1:16:37]} 22.
gxf6 {[%clk 0:58:10]} 22... Qxf6 {[%clk 1:16:15]} 23. Qd2 {[%clk 0:54:53]}
23... Rad8 {[%clk 1:15:20]} 24. Ne2 {[%clk 0:54:09]} 24... c5 {[%clk 1:13:30]}
25. Rf1 {[%clk 0:53:07]} 25... Qe6 {[%clk 1:11:21]} 26. b3 {[%clk 0:47:12]}
26... Rfe8 {[%clk 1:05:24]} 27. Rf3 {[%clk 0:45:56]} 27... cxd4 {[%clk 1:05:03]
} 28. Nxd4 {[%clk 0:44:15]} 28... Qe1+ {[%clk 1:05:11]} 29. Rf1 {[%clk 0:42:43]
} 29... Qxd2 {[%clk 1:04:54]} 30. Rxd2 {[%clk 0:43:02]} 30... Re4 { [%clk
1:04:13]} 31. Nf3 {[%clk 0:40:49]} 31... Rxd2 {[%clk 1:01:05]} 32. Nfxd2 {[%clk
0:40:38]} 32... Rg4+ {[%clk 1:01:06]} 33. Kf2 {[%clk 0:40:24]} 33... Kf8 {[%clk
0:58:52]} 34. Ke3 {[%clk 0:39:04]} 34... h5 {[%clk 0:57:54]} 35. Ne5 { [%clk
0:38:07]} 35... Rg5 {[%clk 0:57:47]} 36. Nxf7 {[%clk 0:38:08]} 36... Rg2 {[%clk
0:56:19]} 37. Ne5+ {[%clk 0:36:14]} 37... Ke8 {[%clk 0:55:44]} 38. Rh1 { [%clk
0:35:44]} 38... g6 {[%clk 0:54:55]} 39. Nef3 {[%clk 0:34:07]} 39... Ke7 { [%clk
0:54:26]} 40. Rg1 {[%clk 0:32:00]} 40... Rxg1 {[%clk 0:53:53]} 41. Nxg1 { [%clk
0:32:23]} 41... Ke6 {[%clk 0:53:15]} 42. Kf4 {[%clk 0:31:39]} 42... Kf6 { [%clk
0:53:18]} 43. Ngf3 {[%clk 0:31:38]} 43... a6 {[%clk 0:53:07]} 44. Ne4+ { [%clk
0:31:41]} 44... Kg7 {[%clk 0:53:06]} 45. Kg5 {[%clk 0:31:51]} 45... Kh7 { [%clk
0:53:00]} 46. c4 {[%clk 0:32:12]} 46... Kg7 {[%clk 0:52:51]} 47. c5 { [%clk
0:31:58]} 47... Kf7 {[%clk 0:52:48]} 48. Ne5+ {[%clk 0:31:51]} 48... Ke7 {[%clk
0:52:39]} 49. c6 {[%clk 0:31:56]} 49... Kd8 {[%clk 0:52:43]} 50. Nc5 { [%clk
0:31:43]} 50... a5 {[%clk 0:52:39]} 51. Ne6+ {[%clk 0:32:02]} 51... Kc8 { [%clk
0:52:46]} 52. c7 {[%clk 0:31:56]} 52... Kb7 {[%clk 0:52:36]} 53. Nf7 { [%clk
0:31:52]} 53... Kc8 {[%clk 0:51:57]} 54. Nd6+ {[%clk 0:31:55]} 54... Kd7 {[%clk
0:52:06]} 55. c8=Q+ Kxd6 56. Qc5+ {[%clk 0:31:23]} 56... Kxe6 { [%clk 0:52:19]}
57. Kxg6 {[%clk 0:31:31]} 57... h4 {[%clk 0:52:28]} 58. Qe3+ { [%clk 0:31:21]}
58... Kd7 {[%clk 0:52:40]} 59. Qd4+ {[%clk 0:31:39]} 59... Kc7 {[%clk 0:52:34]}
60. Qxh4 {[%clk 0:31:53]} 60... Kd7 {[%clk 0:52:49]} 61. Qf6 { [%clk 0:31:03]}
61... Kc7 {[%clk 0:52:57]} 62. Kf5 {[%clk 0:31:11]} 62... Kd7 { [%clk 0:53:07]}
63. Ke5 {[%clk 0:30:54]} 63... Kc7 {[%clk 0:52:54]} 64. Kd5 { [%clk 0:31:14]}
64... Kc8 {[%clk 0:52:12]} 65. Qg7 {[%clk 0:31:28]} 65... Kb8 { [%clk 0:52:07]}
66. Kc6 {[%clk 0:31:45]} 66... Ka8 {[%clk 0:52:21]} 67. Qb7# 1-0